Identify the Performer from the Photo - Statistics

General Stats
  • This quiz has been taken 62 times
    60 since last reset
  • The average score is 19 of 24
Answer Stats
Picture Answer % Correct
Elvis Presley
100%
Michael Jackson
100%
Justin Bieber
98%
Snoop Dogg
98%
Taylor Swift
96%
Bruno Mars
93%
Lady Gaga
93%
Whitney Houston
93%
Elton John
89%
Frank Sinatra
89%
Britney Spears
87%
Louis Armstrong
85%
Celine Dion
83%
John Legend
83%
Kurt Cobain
83%
Christina Aguilera
80%
Billy Joel
78%
Ice Cube
74%
Bob Dylan
65%
Iggy Pop
65%
Marvin Gaye
63%
Enrique Iglesias
59%
Tony Bennett
59%
Nicky Minaj
26%
No matching quizzes found
Score Distribution
Percent of People with Each Score
Percentile by Number Answered
Your Score History
You have not taken this quiz since the last reset